000 00413nam a2200145Ia 4500
008 211109s9999||||xx |||||||||||||| ||und||
082 _a330.954005
_bBAR-M
100 _aBaru, Sanjaya
245 0 _aMid-Year Review of the Economy 1997-98
260 _bKonark Publishing
_aDelhi
_c1998
300 _a104p.
630 _xGeneral Stack
650 _aIndia
_vEconomic history
_xEconomic policyEconomics
942 _cBOOK
999 _c54548
_d54548